Word Links #6 - Statistics

General Stats
  • This quiz has been taken 3,016 times
  • The average score is 13 of 20
Answers on the Map
Answers color-coded by a green-red scale on the quiz's map according to % correct below.
 
Answer Stats
Answer % Correct
South American Countries
94%
Ecuador
87%
Guyana
87%
Suriname
87%
Uruguay
87%
Trees
86%
_____ Nuts
83%
Brazil
72%
Chest
72%
Macadamia
72%
Pine
72%
Fir
51%
Juniper
51%
Laurel
51%
Oak
51%
Alexander
49%
Heat
49%
Tombstone
49%
Willow
49%
Val Kilmer Movies
9%
No matching quizzes found
Score Distribution
Percent of People with Each Score
Percentile by Number Answered
Your Score History
You have not taken this quiz